Normale Ansicht MARC-Ansicht ISBD

Die moderne Graphik : (Titelsatznr. 80254)

[ MARC ]
MARC-Details
000 -Satzkennung
Kontrollfeld mit fester Länge 01355cam a2200421 4500
001 - Kontrollnummer
Kontrollfeld 146208900
003 - Kontrollnummer Identifier
Kontrollfeld DE-627
005 - Datum und Zeit der letzten Transaktion
Kontrollfeld 20201202113743.0
007 - Feld mit fester Länge zur physischen Beschreibung - Allgemeine Information
Kontrollfeld mit fester Länge tu
008 - Feld mit fester Länge zur physischen Beschreibung - Allgemeine Angaben
Kontrollfeld mit fester Länge 940319s1920 xx ||||| 00| ||ger c
010 ## - Kontrollnummer der Library of Congress
LC-Kontrollnummer 2003558170
035 ## - Systemkontrollnummer
System-Kontrollnummer (DE-627)146208900
035 ## - Systemkontrollnummer
System-Kontrollnummer (DE-599)GBV146208900
035 ## - Systemkontrollnummer
System-Kontrollnummer (OCoLC)53252203
040 ## - Katalogisierungsquelle
Original-Katalogisierungsstelle DE-627
Katalogisierungssprache ger
Übertragungsstelle DE-627
Beschreibungsfestlegungen rakwb
Bearbeitungsstelle STAFF
041 ## - Sprachcode
Sprachcode des Textes/der Tonspur oder des separaten Titels ger
044 ## - Ländercode der veröffentlichenden/herstellenden Stelle
ISO-Ländercode XA-DXDE
050 #0 - Signatur der Library of Congress
Notation NE430
100 1# - Haupteintragung - Personenname
Personenname Singer, Hans Wolfgang
Datumsangaben in Verbindung mit einem Namen 1867-1957
IDN des Normdatensatzes oder Standardnummer (DE-588)117401978
-- (DE-627)135474299
-- (DE-576)291360971
Code für Beziehungskennzeichnung aut
245 14 - Titel
Titel Die moderne Graphik :
Zusatz zum Titel eine Darstellung für deren Freunde und Sammler
Verfasserangabe etc. von H. W. Singer
250 ## - Ausgabebezeichnung
Ausgabebezeichnung 2. Aufl.
264 #1 - Produktion, Veröffentlichung, Distribution, Herstellung und Urheberrechtsvermerk
Herstellungs-, Veröffentlichungs- Vertriebs-, Erzeugungsort Leipzig
Produzent, Herausgeber, Distributor, Hersteller Seemann
Datum der Herstellung, der Veröffentlichung, des Vertriebs oder des Urheberschutzvermerks 1920
300 ## - Physische Beschreibung
Umfang VI, 543 S.
Andere physische Details zahlr. Ill.
336 ## - Inhaltstyp
Inhaltstypterm Text
Inhaltstypcode txt
Quelle rdacontent
337 ## - Medientyp
Bezeichnung des Medientyps ohne Hilfsmittel zu benutzen
Medientypcode n
Quelle rdamedia
338 ## - Datenträgertyp
Datenträgertypbezeichnung Band
Datenträgertypcode nc
Quelle rdacarrier
501 ## - Fußnote zu enthaltenen Werken
Fußnote zu enthaltenen Werken Die Vorläufer -- Deutschland, Österreich und die Schweiz -- Grossbritannien -- Amerika -- Die Niederlande -- Die nordischen Länder -- Frankreich.
650 #0 - Nebeneintragung unter einem Schlagwort - Sachschlagwort
Sachschlagwort oder geografischer Name als Eintragungselement Engraving
Allgemeine Unterteilung History
650 #0 - Nebeneintragung unter einem Schlagwort - Sachschlagwort
Sachschlagwort oder geografischer Name als Eintragungselement Etching
Allgemeine Unterteilung History
650 #0 - Nebeneintragung unter einem Schlagwort - Sachschlagwort
Sachschlagwort oder geografischer Name als Eintragungselement Lithography
Allgemeine Unterteilung History
650 #0 - Nebeneintragung unter einem Schlagwort - Sachschlagwort
Sachschlagwort oder geografischer Name als Eintragungselement Wood-engraving
Allgemeine Unterteilung History
650 #0 - Nebeneintragung unter einem Schlagwort - Sachschlagwort
Sachschlagwort oder geografischer Name als Eintragungselement Engravers
650 #0 - Nebeneintragung unter einem Schlagwort - Sachschlagwort
Sachschlagwort oder geografischer Name als Eintragungselement Etchers
650 #0 - Nebeneintragung unter einem Schlagwort - Sachschlagwort
Sachschlagwort oder geografischer Name als Eintragungselement Lithographers
650 #0 - Nebeneintragung unter einem Schlagwort - Sachschlagwort
Sachschlagwort oder geografischer Name als Eintragungselement Wood-engravers
951 ## - EQUIVALENCE OR CROSS-REFERENCE--GEOGRAPHIC NAME/AREA NAME [OBSOLETE] [CAN/MARC only]
Geografischer Name BO
942 ## - Zusätzliche Felder (Koha)
Klassifikation oder Aufstellungssystematik Andere/Generische Klassifikation
Koha-Medientyp Bücher
Exemplare
Ausgeschieden Verloren Klassifikation oder Aufstellungssystematik Beschädigt Nicht entleihbar Heimatbibliothek Aufenthaltsbibliothek Aufstellungsort Erwerbungsdatum Kodierter Standort-Qualifier Anzahl Ausleihen Signatur Letzte Aktivität Exemplarnummer Preis gültig von Koha-Medientyp OPAC-Notiz
    Andere/Generische Klassifikation     Stadtarchiv Frankfurt (Oder) | Archivbibliothek Stadtarchiv Frankfurt (Oder) | Archivbibliothek Magazin 02/12/2020 M   IV: 1526 02/12/2020 71/2020 02/12/2020 Bücher Nachlass Kießling